| 000 | 00428nam a2200181Ia 4500 | ||
|---|---|---|---|
| 003 | OSt | ||
| 005 | 20230607153311.0 | ||
| 008 | 210423s1984 xx 000 0 und d | ||
| 040 | _cAL | ||
| 041 | _aeng | ||
| 082 |
_a362.1 _223 _bVELH |
||
| 100 |
_aVELIATH (Augustie),Ed. _9121748 |
||
| 245 | _aHealth for millions. | ||
| 260 |
_aNew Delhi _bVHAI _c1984 |
||
| 365 | _cINR | ||
| 906 | _aHealth ; millions. | ||
| 942 |
_2ddc _cBK |
||
| 999 |
_c175094 _d175094 |
||